| 000 | 00602nam a2200253Ia 4500 | ||
|---|---|---|---|
| 005 | 20250425161828.0 | ||
| 008 | 250425s9999 xx 000 0 und d | ||
| 020 | _a9233029352 | ||
| 041 | _aspa | ||
| 043 | _asp | ||
| 082 | _a370 | ||
| 100 | _aORGANIZACION, DE LAS NACIONES UNIDAS | ||
| 245 | 0 | _aINFORME MUNDIAL SOBRE LA EDUCACION 1993 | |
| 250 | _a1A ED. | ||
| 260 |
_aEspaña _bUNESCO _c1993 |
||
| 260 | _aMADRID | ||
| 300 | _a172 | ||
| 650 | _aEDUCACION | ||
| 650 | _aESTADISTICA-ESTUDIO Y ENSEÑANZA | ||
| 650 | _aINFORMES | ||
| 710 | _aUNESCO | ||
| 942 | _c01 | ||
| 010 | _a31445 | ||
| 999 |
_c216972 _d216972 |
||